Máy thời gian Truyện khoa học giả tưởng Anh

Wedi'i Gadw mewn:
Manylion Llyfryddiaeth
Prif Awdur: WELLS H. G.
Awduron Eraill: Đắc Lê (dịch)
Fformat: Llyfr
Iaith:Vietnamese
Cyhoeddwyd: H. Thanh Niên 2000
Pynciau:
Tagiau: Ychwanegu Tag
Dim Tagiau, Byddwch y cyntaf i dagio'r cofnod hwn!
Thư viện lưu trữ: Mạng thư viện Đại học Đà Nẵng
LEADER 01007nam a2200325 4500
001 000004879
003 1021
005 20120412080457.0
008 110805s2000 viesd
020 |c 15000 
041 0 |a vie 
082 |a 823  |b WE-H 
100 0 |a WELLS H. G. 
245 0 |a Máy thời gian  |b Truyện khoa học giả tưởng Anh  |c Đắc Lê dịch 
260 |a H.  |b Thanh Niên  |c 2000 
300 |a 162 tr.  |c 19 cm 
653 |a Văn học Anh 
653 |a tiểu thuyết 
700 |a Đắc Lê  |e dịch 
910 |a Minh  |d 5/8/2011 
OWN |a LSP 
AVA |a UDN50  |b LSP  |d 823 WE-H  |e available  |t Error 5001 Not defined in file expand_doc_bib_avail.  |f 4  |g 0  |h N  |i 0  |k 1 
999 |a From the UDN01 
AVA |a UDN50  |b LSP  |d 823 WE-H  |e available  |t Error 5001 Not defined in file expand_doc_bib_avail.  |f 4  |g 0  |h N  |i 0  |k 1 
TYP |a Monograph 
TYP |a Printed language 
980 |a Mạng thư viện Đại học Đà Nẵng